| 000 | 00912nam a2200229 a 4500 | ||
|---|---|---|---|
| 003 | 0 | ||
| 005 | 20250310133435.0 | ||
| 008 | 080730s19uu xx 00 eng d | ||
| 050 |
_aPGS LB 1050.46.N38 _b.L477 2008 |
||
| 100 | _aLee, Tae Hun. | ||
| 245 |
_aReading attitude of students in terms of gender and nationality / _cTae Hun Lee. |
||
| 260 |
_aLas PiƱas City, Philippines : _bSouthville International School and Colleges, _c2008. |
||
| 300 |
_a39 pages : _billustrations ; _c28 cm. |
||
| 504 | _aIncludes bibliographical references. | ||
| 650 |
_aReading attitudes _vGender differences. |
||
| 650 |
_aReading attitudes _vFilipino students. |
||
| 650 |
_aReading attitudes _vKorean students. |
||
| 650 |
_aReading habits _vComparative studies. |
||
| 650 |
_aGender and reading preferences _vElementary students. |
||
| 650 | _aCross-cultural differences in reading habits. | ||
| 942 |
_2lcc _cPASS |
||
| 999 |
_c98001 _d98001 |
||